000 00490nam a2200169Ia 4500
999 _c27108
_d27108
003 OSt
005 20201221145002.0
008 190216s9999||||xx |||||||||||||| ||und||
040 _coclc
082 _a894.812
_bVIJ/S
100 _aVijayan, M N
_96720
245 0 _aSeershasanam /
_cM N Vijayan
260 _bCalicut University Central Co-Operative,
_aCalicut:
_c1994.
300 _a152p
650 _aNiroopanam
942 _cBK
_2ddc
_h894.812
_iVIJ/S
_k894.812
_mVIJ/S